00337nam a2200133Ia 4500008004100000020001800041082000800059100002400067245003000091260003000121300002000151942001700171999001500188250813s9999 xx 000 0 und d a9789389567199 aSHA aWilliam Shakespeare 2aA Midsummer Night's Dream aIndiabPrakash Bookc2022 a128 P. ; 15 cm. iSHAcAD6SHA c5679d5679